الشيخ أحمد حسان ومنهجه في التفسير : آيات الأحكام نموذجا /
Saved in:
| Main Author: | |
|---|---|
| Other Authors: | |
| Format: | Thesis |
| Language: | Arabic |
| Published: |
Kuala Lumpur :
Kulliyyah Ma'arif al-Wahy wa al-'Ulum al-Insaniyah, al-Jami'ah al-Islamiyah al-'Alamiyah bi- Maliziya,
2005
|
| Subjects: | |
| Online Access: | http://studentrepo.iium.edu.my/handle/123456789/8630 |
| Tags: |
Add Tag
No Tags, Be the first to tag this record!
|
| LEADER | 025460000a22004570004500 | ||
|---|---|---|---|
| 001 | 335099 | ||
| 005 | 20230419110726.0 | ||
| 008 | 051128s2005 my g 000 0 ara d | ||
| 035 | |a (Sirsi) 335099 | ||
| 040 | |a UIAM |b eng | ||
| 041 | 0 | |a ara | |
| 050 | 0 | 0 | |a BP130.4 |
| 100 | 1 | |a موفور، إدوارد |9 26228 | |
| 242 | 1 | 3 | |a al-Shaykh Ahmad Hassan wa-manhajuhu fi al-tafsir : |b ayat al-ahkam namudhajan |
| 245 | 1 | 2 | |a الشيخ أحمد حسان ومنهجه في التفسير : |b آيات الأحكام نموذجا / |c إعداد إدوارد موفور |
| 260 | |a Kuala Lumpur : |b Kulliyyah Ma'arif al-Wahy wa al-'Ulum al-Insaniyah, al-Jami'ah al-Islamiyah al-'Alamiyah bi- Maliziya, |c 2005 | ||
| 300 | |a ل، 159 leaves ; |c 30 cm. | ||
| 336 | |2 rdacontent | ||
| 337 | |2 rdamedia | ||
| 338 | |2 rdacarrier | ||
| 500 | |a "Bahth takmili muqaddam li-nayl darajat al-Majistir fi Kulliyat Ma'arif al-Wahy wa-al-Turath (Qism Dirasat al-Qur'an wa-al-Sunnah)."--On t.p. | ||
| 500 | |a Abstracts in English and Arabic. | ||
| 502 | |a Thesis (M.A.IRKH) -- International Islamic University Malaysia, 2005. | ||
| 504 | |a Includes bibliographical references (leaves 151-159). | ||
| 530 | |a Also available on 3 1/2 in. computer disk-converted into 4 3/4 in. computer optical disc. | ||
| 600 | 1 | 0 | |a Hassan, Ahmad |x Contributions in commentaries of Qur'an |9 26229 |
| 630 | 0 | 0 | |a Qur'an |x Commentaries Methodology |9 26230 |
| 630 | 0 | 0 | |a Qur'an |x Hermeneutics |9 9915 |
| 630 | 0 | 0 | |a Qur'an |x Criticism, interpretation, etc. Methodology |9 26231 |
| 655 | 0 | 7 | |a Theses, IIUM local |
| 690 | 0 | |a Dissertations, Academic |x Department of Qur'an and Sunnah Studies |z IIUM |9 4070 | |
| 700 | 1 | |a Maofur, Edward |9 26232 | |
| 710 | 2 | |a International Islamic University Malaysia. |b Department of Qur'an and Sunnah Studies |9 879 | |
| 730 | 0 | |a Shaykh Ahmad Hassan wa-manhajuhu fi al-tafsir : ayat al-ahkam namudhajan, al-. (Computer file) |9 26233 | |
| 856 | 4 | |u http://studentrepo.iium.edu.my/handle/123456789/8630 | |
| 900 | |a sn-jmd-his-sa-hm | ||
| 942 | |2 lcc |n 0 | ||
| 999 | |c 433755 |d 465231 | ||
| 952 | |0 0 |6 T BP 000130.4 M296S 2005 |7 0 |8 THESES |9 753602 |a IIUM |b IIUM |c MULTIMEDIA |g 0.00 |o t BP 130.4 M296S 2005 |p 00011275280 |r 2017-10-17 |t 2 |v 0.00 |y THESIS | ||
| 952 | |0 0 |6 LU T BP 130.4 M296S 2005 |7 0 |8 THESES |9 754151 |a IIUM |b IIUM |c CLOSEACCES |g 0.00 |o lu t BP 130.4 M296S 2005 |p 00000998424 |r 2017-10-24 |t 1 |v 0.00 |y THESIS | ||
| 952 | |0 0 |1 7 |6 TS CDF BP130.4M296S 2005 |7 18 |8 THESES |9 988833 |a IIUM |b IIUM |c MULTIMEDIA |g 0.00 |o ts cdf BP130.4M296S 2005 |p 00000998425 |r 1900-01-02 |t 1 |v 0.00 |y THESISDIG | ||
